000 01495aam a2200505 i 4500
001 9912220773804341
003 OSt
005 20250614161924.0
008 800425s1980 enka w 00110 eng
015 _aB8008756
020 _a0330259598
035 _a(StEdNL)1222077-nlsdb-Voyager
040 _aStEdNL
_cLHL
043 0 0 _ae-uk---
043 0 1 _ae-uk---
043 0 2 _ae-uk---
043 0 3 _ae-uk---
049 0 0 _aBL
_cBL
_d810522
050 0 0 _aQK495.G74
050 0 0 _aQK543
050 0 0 _aQK589
082 0 0 _a584
_b.9
_b0941
082 0 0 _a587
_b.31
_b0941
082 0 0 _a588
_b.2
_b0941
082 0 0 _a589/.1/0941
_218
087 0 0 _aSRL
100 1 0 _aPhillips, Roger,
_d1932-
245 1 0 _aGrasses, ferns, mosses & lichens of Great Britain and Ireland /
_cby Roger Phillips, assisted by Sheila Grant.
264 _aLondon :
_bPan Books,
_c1980.
300 _a191 pages :
_bchiefly col ill ;
_c29 cm.
336 _2rdacontent
_atext
_btxt
337 _2rdamedia
_aunmediated
_bn
338 _2rdacarrier
_avolume
_bnc
350 0 0 _a£4.95
500 _aAlso published: London : Ward Lock, 1980
504 0 0 _aBibliography: p.11. - Includes index
650 0 _aGrasses
_zGreat Britain
_xIdentification.
650 0 _aFerns
_zGreat Britain
_xIdentification.
650 0 _aMosses
_zGreat Britain
_xIdentification.
650 0 _aLichens
_zGreat Britain
_xIdentification.
700 1 1 _aGrant, Sheila.
942 _2LCS
_cBOOK
_n0
956 _aNLS
999 _c2737
_d2737